00655nam a2200193Ii 450000100060000000300090000600800410001502000150005604000330007104100080010408200150011211001040012724500820023126400550031330000120036833600260038033700280040633800270043418486CO-ViMGA241108s9999||||xx |||||||||||||| ||und|| a9586980782 aCO-ViMGAbspaerdacCO-ViMGA0 aspa04a306.3 S25e2 aSeminario Internacional sobre Economía y Cultura : la Tercera Cara de la Moneda (2000 : Bogotá)10aEconomía y cultura :bla tercera cara de la moneda : memorias del seminario 1aBogotá, Colombia : Convenio Andrés Bello, 2001 avolumen atextbtxt2rdacontent aunmediatedbn2rdamedia avolumebnc2rdacarrier